El poder de la imagen /

Los conquistadores españoles y portugueses imponen el Barroco. En este capítulo descubrimos el barroco de la selva, las huellas del arte colonial jesuítico.

Guardado en:
Autor Principal: Bertolotti, Julio
Autor Corporativo: Canal Encuentro.
Otros Autores: Cortese, Rita; Narración.
Formato: Deslizar
Publicado: Argentina, 2009
Series:Mestizo. Una Historia Del Arte Latinoamericano
Materias:
Etiquetas: Agregar Etiqueta
Sin Etiquetas, Sea el primero en etiquetar este registro!
LEADER 01144ngm a22003375g 4500
001 CEM.cems023660
008 130507s2009##################0###0#####d
005 20250619160857.0
245 1 0 |a El poder de la imagen /  |c Canal Encuentro. 
260 |a Argentina,  |c 2009 
300 |a 27'. 
490 0 |a Mestizo. Una Historia Del Arte Latinoamericano 
538 |a Soporte: DVD - Color: Si - Grabación DRD 
520 |a Los conquistadores españoles y portugueses imponen el Barroco. En este capítulo descubrimos el barroco de la selva, las huellas del arte colonial jesuítico. 
500 |a Consultar en ventanilla. 
100 1 |a Bertolotti, Julio 
700 1 |a Cortese, Rita; Narración. 
710 2 |a Canal Encuentro. 
082 7 5 |/ BER 
653 |a ARTE 
653 |a ARTE LATINOAMERICANO 
653 |a PINTURA 
653 |a ESCULTURA 
653 |a ARTES PLASTICAS 
653 |a ARTE COLONIAL 
653 |a JESUITAS 
653 |a MISIONES JESUITICAS 
653 |a BARROCO AMERICANO 
653 |a PUEBLOS ORIGINARIOS 
653 |a SERIE DE TELEVISIÓN 
859 |a CEMS  |b BIB. CEMS - Depto. Recursos Didacticos  |h 759  |i BER  |k DRD  |p 2303.15  |t Ej.1